00329nam a2200097Ia 4500008004100000100002000041245005600061260008200117650001200199650002000211220216s9999 xx 000 0 und d aCalderon Nissim 0aNovel synthesis of polymers for the rubber industry bProceedings of the International Rubber Conference, Kobe, Japan, 1995; p11-14 aPolymer aRubber industry